[Event "U-20 Pan-American Chess Championship Absolute 2022"]
[Site "(Pereira - Risaralda) Gran Hotel. Calle 19 # 9-19"]
[Date "2022.08.25"]
[Round "5"]
[Board "7"]
[White "Castro Silva, Moises Antonio"]
[Black "Cardenas Encalada, David Josue"]
[Result "1-0"]
[WhiteElo "2169"]
[BlackElo "1669"]
[PlyCount "65"]
[EventDate "2022.08.23"]
[EventRounds "9"]
[EventCountry "COL"]

1. e4 c5 2. Nf3 d6 3. d4 cxd4 4. Nxd4 Nf6 5. Nc3 a6 6. Bg5 Nbd7 7. f4 e5 8. Nf5
Qb6 9. Qd2 Qxb2 10. Rb1 Qa3 11. Be2 h6 12. Bxf6 Nxf6 13. O-O Bxf5 14. exf5 Rc8
15. Rf3 Rb8 16. Kh1 Qa5 17. Qe3 Be7 18. fxe5 dxe5 19. Rg3 h5 20. Rxg7 Kf8 21.
Rg3 h4 22. Rh3 Bb4 23. Ne4 Nd5 24. Qb3 Nf4 25. Ng5 Ke8 26. Qxf7+ Kd8 27. Rd1+
Bd2 28. Ne6+ Kc8 29. Rxd2 Ra8 30. Rb3 Ra7 31. Qd7+ Kb8 32. Qd6+ Kc8 33. Rc3+
  1-0

[Event "U-20 Pan-American Chess Championship Absolute 2022"]
[Site "(Pereira - Risaralda) Gran Hotel. Calle 19 # 9-19"]
[Date "2022.08.25"]
[Round "5"]
[Board "8"]
[White "Ramirez Madrid, Gerardo Alfonso"]
[Black "Londono Lopez, Donaldo"]
[Result "1/2-1/2"]
[WhiteElo "1967"]
[BlackElo "2044"]
[PlyCount "126"]
[EventDate "2022.08.23"]
[EventRounds "9"]
[EventCountry "COL"]

1. d4 Nf6 2. c4 g6 3. Nc3 d5 4. cxd5 Nxd5 5. e4 Nxc3 6. bxc3 Bg7 7. Be3 c5 8.
Qd2 Qa5 9. Rb1 a6 10. Rc1 cxd4 11. cxd4 Qxd2+ 12. Kxd2 O-O 13. Bd3 Rd8 14. Nf3
Nc6 15. Rc4 Bg4 16. d5 Bxf3 17. gxf3 Ne5 18. Rc7 e6 19. Ke2 b5 20. dxe6 Rxd3
21. f4 fxe6 22. fxe5 Ra3 23. Rc2 Bxe5 24. h4 Rd8 25. h5 Rc3 26. Rxc3 Bxc3 27.
Bg5 Rd7 28. hxg6 hxg6 29. Rc1 b4 30. a3 a5 31. axb4 axb4 32. Rb1 Kf7 33. f3 e5
34. Be3 Ke6 35. Bc5 Rc7 36. Be3 Rd7 37. Bc5 Rd2+ 38. Ke3 Rg2 39. Rb3 Kf6 40.
Bxb4 Bd4+ 41. Kd3 Rf2 42. Kc4 Kg5 43. Kd5 Kf4 44. Bd6 g5 45. Rd3 Ba1 46. Be7
Rg2 47. Bb4 Bd4 48. Ba3 Rc2 49. Bd6 Bb2 50. Bc5 Re2 51. Be7 Rf2 52. Bf6 Bd4 53.
Be7 Ra2 54. Bd6 Ra6 55. Bb4 Be3 56. Be7 Bc1 57. Bd6 Bb2 58. Bb4 Ra8 59. Bd2+
Kg3 60. Bxg5 Ra3 61. Rxa3 Bxa3 62. Bf6 Kxf3 63. Bxe5 Bc1   1/2-1/2

[Event "U-20 Pan-American Chess Championship Absolute 2022"]
[Site "(Pereira - Risaralda) Gran Hotel. Calle 19 # 9-19"]
[Date "2022.08.25"]
[Round "5"]
[Board "9"]
[White "Mayta Aiza, Maveric"]
[Black "Mora Munoz, Alejandro"]
[Result "1/2-1/2"]
[WhiteElo "1962"]
[BlackElo "1973"]
[PlyCount "237"]
[EventDate "2022.08.23"]
[EventRounds "9"]
[EventCountry "COL"]

1. e4 c5 2. Nc3 Nc6 3. g3 g6 4. Bg2 Bg7 5. d3 d6 6. f4 e6 7. Nf3 Nge7 8. O-O
Rb8 9. Be3 b5 10. Qe1 Nd4 11. Bxd4 cxd4 12. Ne2 Qb6 13. Qf2 Nc6 14. e5 dxe5 15.
fxe5 O-O 16. Nexd4 Nxe5 17. Nxe5 Bxe5 18. Nc6 Bg7 19. c3 Qxf2+ 20. Rxf2 Rb6 21.
Raf1 f6 22. Re2 Bd7 23. Nd4 Kf7 24. Rfe1 Rd8 25. Nb3 Bf8 26. d4 Bc8 27. a3 Bd6
28. Na5 Re8 29. b4 h5 30. c4 bxc4 31. Nxc4 Ba6 32. Nxb6 Bxe2 33. Rxe2 axb6 34.
Rc2 Re7 35. Rc6 Bc7 36. b5 Bd8 37. Rc4 Rc7 38. Bc6 Ra7 39. a4 Ke7 40. Kf2 Kd6
41. Ke2 Re7 42. Kd3 g5 43. Bf3 g4 44. Rc6+ Kd7 45. Bd1 e5 46. Rxf6 exd4 47. Rf5
Re3+ 48. Kxd4 Re1 49. Bb3 h4 50. Rf4 hxg3 51. hxg3 Rg1 52. Rxg4 Bf6+ 53. Kd5
Rg2 54. Rg6 Rd2+ 55. Ke4 Ke7 56. Ke3 Rb2 57. Bd1 Rb1 58. Kd2 Rb4 59. Rg8 Rd4+
60. Kc1 Rd8 61. Rg4 Rd4 62. Rg6 Rd5 63. Bb3 Rg5 64. Rxg5 Bxg5+ 65. Kc2 Kd6 66.
Kd3 Ke5 67. Bd1 Bc1 68. g4 Bf4 69. Kc4 Bd2 70. Kd3 Ba5 71. Ke2 Kf4 72. Kd3 Ke5
73. Bb3 Kf4 74. Be6 Kg5 75. Ke4 Bb4 76. Kd5 Ba5 77. Kc6 Kf6 78. Bc8 Kg5 79. Kd5
Bb4 80. Kc4 Ba5 81. Kd3 Kf4 82. Kd4 Bb4 83. Kd5 Ba5 84. Kd6 Kg5 85. Ke7 Bb4+
86. Kd7 Ba5 87. Ke7 Bb4+ 88. Kf7 Ba5 89. Kg7 Bc3+ 90. Kf7 Ba5 91. Bf5 Bb4 92.
Ke6 Ba5 93. Kd5 Bb4 94. Kc6 Ba5 95. Be6 Kf6 96. Bc4 Kg5 97. Be2 Kf6 98. Bf3 Kg5
99. Kd5 Bb4 100. Kc4 Ba5 101. Bd1 Be1 102. Kd5 Ba5 103. Kc6 Kf6 104. Kb7 Kg5
105. Ka6 Kf6 106. Bf3 Kg5 107. Be2 Kf6 108. Bc4 Kg5 109. Be6 Kf6 110. Bd7 Kg5
111. Kb7 Kf6 112. Kc6 Kg5 113. Bc8 Kf4 114. Kd6 Kg5 115. Ke5 Bc3+ 116. Kd6 Bb4+
117. Kd7 Ba5 118. Ke7 Bb4+ 119. Kf7   1/2-1/2

[Event "U-20 Pan-American Chess Championship Absolute 2022"]
[Site "(Pereira - Risaralda) Gran Hotel. Calle 19 # 9-19"]
[Date "2022.08.25"]
[Round "5"]
[Board "10"]
[White "Mayta Aiza, Vicmar"]
[Black "Quiroga Jaquez, Angel Ivan"]
[Result "0-1"]
[WhiteElo "1627"]
[BlackElo "2151"]
[PlyCount "92"]
[EventDate "2022.08.23"]
[EventRounds "9"]
[EventCountry "COL"]

1. d4 Nf6 2. Nf3 e6 3. c4 b6 4. Nc3 Bb7 5. e3 Bb4 6. Bd3 Bxc3+ 7. bxc3 c5 8.
O-O O-O 9. Re1 Ne4 10. Qc2 f5 11. Rb1 d6 12. Ba3 Nd7 13. Red1 Qe7 14. Nd2 Ndf6
15. f3 Ng5 16. Rf1 g6 17. Rbe1 e5 18. e4 fxe4 19. fxe4 Nh5 20. Bc1 Nf4 21. Nf3
Nfh3+ 22. Kh1 Nxf3 23. Rxf3 Rxf3 24. gxf3 Qh4 25. Rf1 Rf8 26. Qg2 Nf4 27. Bxf4
Rxf4 28. Qg3 Qf6 29. dxc5 dxc5 30. Kg2 Bc8 31. a4 h5 32. a5 h4 33. Qf2 g5 34.
axb6 axb6 35. Be2 Be6 36. Rb1 g4 37. Rxb6 gxf3+ 38. Bxf3 Bh3+ 39. Kxh3 Rxf3+
40. Qxf3 Qxf3+ 41. Kxh4 Qxe4+ 42. Kg5 Qf4+ 43. Kg6 e4 44. Rc6 Qf7+ 45. Kg5 e3
46. Rc8+ Kg7   0-1

[Event "U-20 Pan-American Chess Championship Absolute 2022"]
[Site "(Pereira - Risaralda) Gran Hotel. Calle 19 # 9-19"]
[Date "2022.08.25"]
[Round "5"]
[Board "11"]
[White "Loaiza Cuervo, Santiago"]
[Black "Vargas Viscaino, Jesus Daniel"]
[Result "1/2-1/2"]
[WhiteElo "2082"]
[BlackElo "1942"]
[PlyCount "99"]
[EventDate "2022.08.23"]
[EventRounds "9"]
[EventCountry "COL"]

1. e4 c5 2. Nf3 a6 3. c3 d5 4. exd5 Qxd5 5. d4 Nf6 6. Be3 cxd4 7. cxd4 e6 8.
Nc3 Qd6 9. Bd3 Nc6 10. a3 b5 11. O-O Be7 12. Rc1 Bb7 13. Ne4 Nxe4 14. Bxe4 Rc8
15. Nd2 O-O 16. Nb3 Rfd8 17. Nc5 Ba8 18. Nxa6 Nxd4 19. Rxc8 Rxc8 20. Bxa8 Rxa8
21. Bxd4 Rd8 22. Nb4 e5 23. Qf3 exd4 24. Nc6 Rc8 25. Nxe7+ Qxe7 26. Qd3 Qc5 27.
g3 g6 28. Rd1 Rd8 29. Rd2 Qc4 30. Kg2 f5 31. b3 Qxd3 32. Rxd3 Kf7 33. a4 Ke6
34. Kf3 Kd5 35. axb5 Rb8 36. h3 g5 37. h4 h6 38. hxg5 hxg5 39. g4 f4 40. Ke2
Rxb5 41. f3 Rb8 42. Kd1 Re8 43. Kd2 Re3 44. Kc2 Kc5 45. Kd2 Kd5 46. Kc2 Re8 47.
Kd2 Ra8 48. Kc2 Ra2+ 49. Kd1 Rb2 50. Ke1   1/2-1/2

[Event "U-20 Pan-American Chess Championship Absolute 2022"]
[Site "(Pereira - Risaralda) Gran Hotel. Calle 19 # 9-19"]
[Date "2022.08.25"]
[Round "5"]
[Board "12"]
[White "Fascio Outerbridge, Arno Augusto"]
[Black "Mendez Machado, Andre"]
[Result "0-1"]
[WhiteElo "1602"]
[BlackElo "1995"]
[PlyCount "30"]
[EventDate "2022.08.23"]
[EventRounds "9"]
[EventCountry "COL"]

1. c4 e5 2. Nc3 Nf6 3. g3 c6 4. Nf3 e4 5. Nd4 Qb6 6. Nb3 a5 7. d3 a4 8. Nd2
exd3 9. Bg2 Bb4 10. O-O O-O 11. exd3 d5 12. cxd5 Bg4 13. Nc4 Qa6 14. Qc2 Bf5
15. d6 Qxc4   0-1

[Event "U-20 Pan-American Chess Championship Absolute 2022"]
[Site "(Pereira - Risaralda) Gran Hotel. Calle 19 # 9-19"]
[Date "2022.08.25"]
[Round "5"]
[Board "13"]
[White "Gonzalez Mojica, Renan Arturo"]
[Black "Tobar B, Jorge Esteban"]
[Result "1/2-1/2"]
[WhiteElo "1970"]
[BlackElo "1929"]
[PlyCount "61"]
[EventDate "2022.08.23"]
[EventRounds "9"]
[EventCountry "COL"]

1. d4 e6 2. c4 f5 3. g4 fxg4 4. h3 g3 5. fxg3 d5 6. Nc3 Bd6 7. Kf2 Nf6 8. Nf3
O-O 9. Bg5 Nc6 10. c5 Be7 11. Kg2 h6 12. Bxf6 Bxf6 13. e3 b6 14. Bb5 Bb7 15.
Bxc6 Bxc6 16. b4 bxc5 17. bxc5 e5 18. Rf1 Qe7 19. Qd2 e4 20. Nh2 Qe6 21. Ne2
Bb5 22. Nf4 Bxf1+ 23. Rxf1 Qd7 24. Ng6 Rf7 25. Ng4 Qb5 26. Qf2 Rb8 27. N4e5
Qxf1+ 28. Qxf1 Rb2+ 29. Kg1 Bxe5 30. Qe1 Bxg3 31. Qxg3   1/2-1/2

[Event "U-20 Pan-American Chess Championship Absolute 2022"]
[Site "(Pereira - Risaralda) Gran Hotel. Calle 19 # 9-19"]
[Date "2022.08.25"]
[Round "5"]
[Board "15"]
[White "Bermudez Rojas, Alejandro"]
[Black "Picasso Periche, Luis Willian Alberto"]
[Result "0-1"]
[WhiteElo "1138"]
[BlackElo "1226"]
[PlyCount "104"]
[EventDate "2022.08.23"]
[EventRounds "9"]
[EventCountry "COL"]

1. e4 g6 2. d4 d6 3. Nf3 Bg7 4. Nc3 Nf6 5. Bc4 Bg4 6. Be3 O-O 7. O-O Nxe4 8.
Nxe4 d5 9. Bd3 dxe4 10. Bxe4 Nc6 11. h3 Bxf3 12. Bxf3 Nxd4 13. Bxb7 Rb8 14. Be4
Rxb2 15. c3 Nb5 16. Bd3 Nxc3 17. Qg4 Qxd3 18. Bxa7 Rxa2 19. Rxa2 Nxa2 20. Rd1
Qa6 21. Be3 Nc3 22. Rf1 Rd8 23. Bg5 Qxf1+ 24. Kxf1 Rd1+ 25. Qxd1 Nxd1 26. Bxe7
Bd4 27. Bh4 c5 28. Ke1 Nc3 29. Kd2 Ne4+ 30. Ke2 g5 31. Bg3 f5 32. Bc7 Nxf2 33.
Bb6 Ne4 34. Kd3 h5 35. Ba7 g4 36. h4 Bf2 37. Bb6 Bxh4 38. Ke3 Bg5+ 39. Kd3 h4
40. Ke2 c4 41. Ba5 c3 42. Bxc3 Nxc3+ 43. Kf1 f4 44. Kf2 Ne4+ 45. Kg1 g3 46. Kf1
f3 47. gxf3 h3 48. fxe4 g2+ 49. Kg1 Be3+ 50. Kh2 g1=Q+ 51. Kxh3 Bf2 52. e5 Qg3#
  0-1

[Event "U-20 Pan-American Chess Championship Absolute 2022"]
[Site "(Pereira - Risaralda) Gran Hotel. Calle 19 # 9-19"]
[Date "2022.08.26"]
[Round "6"]
[Board "1"]
[White "Escalona Landi, Samid Eduardo"]
[Black "Flores Quillas, Diego Saul Rodri"]
[Result "0-1"]
[WhiteElo "2191"]
[BlackElo "2200"]
[PlyCount "104"]
[EventDate "2022.08.23"]
[EventRounds "9"]
[EventCountry "COL"]

1. Nf3 c5 2. c4 Nc6 3. d4 cxd4 4. Nxd4 Nf6 5. g3 g6 6. Bg2 Bg7 7. Nc3 O-O 8.
O-O d6 9. Nxc6 bxc6 10. Bxc6 Rb8 11. Qa4 a5 12. Nb5 Nd7 13. Rb1 Nc5 14. Qa3 Bf5
15. Bd2 Bxb1 16. Rxb1 Qc8 17. Bf3 a4 18. Be3 Qf5 19. Rc1 Rfc8 20. Kg2 h5 21. h4
Qd7 22. Rd1 Qe8 23. Rd2 Nd7 24. Qxa4 Ne5 25. b3 Nxf3 26. exf3 Qc6 27. Qb4 Rd8
28. Rd5 Bf8 29. Bg5 Rd7 30. Qd2 Qb7 31. Nc3 Rbd8 32. Ne4 Qc6 33. Kg1 Bg7 34.
Kg2 f6 35. Bf4 e6 36. Rd3 d5 37. cxd5 Rxd5 38. Rxd5 exd5 39. Nc3 d4 40. Ne4 f5
41. Ng5 d3 42. Nh3 Bc3 43. Qd1 d2 44. Ng1 Rd3 45. Be3 Bb4 46. Ne2 f4 47. gxf4
Bc5 48. Nc1 Rd8 49. Ne2 Bxe3 50. fxe3 Rd3 51. Kf2 Qc5 52. Nd4 Qc1   0-1

[Event "U-20 Pan-American Chess Championship Absolute 2022"]
[Site "(Pereira - Risaralda) Gran Hotel. Calle 19 # 9-19"]
[Date "2022.08.26"]
[Round "6"]
[Board "2"]
[White "Rojas Salas, Steven"]
[Black "Lu, Maximillian"]
[Result "0-1"]
[WhiteElo "2199"]
[BlackElo "2442"]
[PlyCount "78"]
[EventDate "2022.08.23"]
[EventRounds "9"]
[EventCountry "COL"]

1. d4 Nf6 2. c4 b6 3. Nc3 Bb7 4. d5 e6 5. a3 exd5 6. cxd5 Bd6 7. Nf3 O-O 8. g3
c6 9. Bg2 Re8 10. O-O Na6 11. b4 Nc7 12. Bb2 cxd5 13. Qb3 Bf8 14. Nd4 g6 15.
Rad1 Bg7 16. Ndb5 Nxb5 17. Nxb5 Rxe2 18. Nd6 Bc6 19. b5 Re6 20. bxc6 Rxd6 21.
c7 Qe7 22. Rde1 Re6 23. Bxd5 Nxd5 24. Qxd5 Rc8 25. Qb7 Rxc7 26. Qb8+ Bf8 27.
Bf6 Qc5 28. Bd4 Rc8 29. Qf4 Qd6 30. Be5 Qe7 31. Re3 g5 32. Qd4 f6 33. Bxf6 Qxf6
34. Qxd7 Rcc6 35. Qxa7 Rxe3 36. fxe3 Qe7 37. Qa4 Qxe3+ 38. Rf2 Rf6 39. Qb3+
Qxb3   0-1

[Event "U-20 Pan-American Chess Championship Absolute 2022"]
[Site "(Pereira - Risaralda) Gran Hotel. Calle 19 # 9-19"]
[Date "2022.08.26"]
[Round "6"]
[Board "3"]
[White "Esmeraldas Huachi, Anderson"]
[Black "Castro Silva, Moises Antonio"]
[Result "1/2-1/2"]
[WhiteElo "2081"]
[BlackElo "2169"]
[PlyCount "106"]
[EventDate "2022.08.23"]
[EventRounds "9"]
[EventCountry "COL"]

1. d4 Nf6 2. Nf3 g6 3. c4 Bg7 4. Nc3 d5 5. e3 O-O 6. cxd5 Nxd5 7. Bc4 Nb6 8.
Bb3 c5 9. O-O cxd4 10. Nxd4 N8d7 11. Qf3 Nc5 12. Rd1 Nxb3 13. Nxb3 Qc7 14. e4
Be6 15. Bf4 Be5 16. Bxe5 Qxe5 17. Nd4 Rfd8 18. Qg3 Qxg3 19. hxg3 Bd7 20. Rac1
Kf8 21. Kf1 Rac8 22. b3 Bg4 23. f3 e5 24. Nde2 Rxd1+ 25. Rxd1 Be6 26. Rd2 Ke7
27. Ke1 h5 28. f4 Bg4 29. Rd3 Bxe2 30. Kxe2 Rc5 31. Ke3 a5 32. a4 Nd7 33. Kd2
Nf6 34. Ke3 Ng4+ 35. Kf3 Nf6 36. Ke3 Ng4+ 37. Kd2 Nf6 38. Ke2 Ke6 39. Kd1 Ke7
40. Kd2 Ke8 41. Re3 Ke7 42. Re1 b6 43. Kc2 exf4 44. gxf4 g5 45. f5 Kd6 46. e5+
Rxe5 47. Nb5+ Kd5 48. Nc7+ Kd6 49. Nb5+ Kd5 50. Nc3+ Kd6 51. Nb5+ Kd5 52. Nc3+
Kd6 53. Nb5+ Kd5   1/2-1/2

[Event "U-20 Pan-American Chess Championship Absolute 2022"]
[Site "(Pereira - Risaralda) Gran Hotel. Calle 19 # 9-19"]
[Date "2022.08.26"]
[Round "6"]
[Board "4"]
[White "Vasquez Vargas, Henry Richard"]
[Black "Garzon Zapatanga, Christopher Leonel"]
[Result "1-0"]
[WhiteElo "2130"]
[BlackElo "1911"]
[PlyCount "69"]
[EventDate "2022.08.23"]
[EventRounds "9"]
[EventCountry "COL"]

1. Nf3 Nf6 2. g3 g6 3. Bg2 Bg7 4. c4 O-O 5. O-O d6 6. Nc3 c5 7. a3 Nc6 8. Rb1
d5 9. cxd5 Nxd5 10. Nxd5 Qxd5 11. d3 Qd6 12. Nd2 b6 13. b4 cxb4 14. axb4 Bb7
15. Nc4 Qd7 16. b5 Nd4 17. Bxb7 Qxb7 18. Bb2 h5 19. Bxd4 Bxd4 20. Nd2 Rac8 21.
Qa4 Rfd8 22. Rfc1 Bg7 23. Rc6 Rxc6 24. bxc6 Qc7 25. Nf3 Rd5 26. d4 e5 27. Qc4
Ra5 28. d5 Rc5 29. Qd3 Qd6 30. Rd1 b5 31. Ng5 f5 32. Ne6 Rc4 33. c7 Qd7 34. d6
e4 35. Qxc4   1-0

[Event "U-20 Pan-American Chess Championship Absolute 2022"]
[Site "(Pereira - Risaralda) Gran Hotel. Calle 19 # 9-19"]
[Date "2022.08.26"]
[Round "6"]
[Board "5"]
[White "Avila Rodriguez, Joshua Ad"]
[Black "Cabezas Solano, David Alejandro"]
[Result "1-0"]
[WhiteElo "2215"]
[BlackElo "2196"]
[PlyCount "93"]
[EventDate "2022.08.23"]
[EventRounds "9"]
[EventCountry "COL"]

1. e4 c5 2. Nf3 Nc6 3. d4 cxd4 4. Nxd4 Nf6 5. Nc3 e5 6. Ndb5 d6 7. Nd5 Nxd5 8.
exd5 Ne7 9. c4 Ng6 10. Qa4 Bd7 11. Qb4 Qb8 12. h4 h5 13. Be2 a6 14. Nc3 Be7 15.
g3 f5 16. a4 a5 17. Qb3 e4 18. Be3 Ne5 19. O-O-O O-O 20. Kb1 g6 21. c5 Kh7 22.
cxd6 Bxd6 23. Nb5 Bxb5 24. Qxb5 Qe8 25. Qb6 Nf7 26. Qb3 Qe7 27. Rc1 Rfc8 28.
Rhd1 Bb4 29. Rc2 Rxc2 30. Qxc2 Nd6 31. Rc1 Rc8 32. Qd1 Rxc1+ 33. Qxc1 Qd7 34.
Qd1 Kg8 35. Qd4 Qg7 36. Qb6 Qd7 37. Bb5 Qc8 38. Bf4 Bc5 39. Qxa5 Nf7 40. Qc3
Qf8 41. Qf6 Qg7 42. Qe6 Kh7 43. d6 Bxf2 44. d7 Nd8 45. Qe8 Bb6 46. Be5 Qg8 47.
Bc4   1-0

[Event "U-20 Pan-American Chess Championship Absolute 2022"]
[Site "(Pereira - Risaralda) Gran Hotel. Calle 19 # 9-19"]
[Date "2022.08.26"]
[Round "6"]
[Board "6"]
[White "Wong Pages, Juan"]
[Black "Puerta Rendon, Jacobo"]
[Result "1-0"]
[WhiteElo "2008"]
[BlackElo "1662"]
[PlyCount "55"]
[EventDate "2022.08.23"]
[EventRounds "9"]
[EventCountry "COL"]

1. e4 e5 2. Nf3 Nc6 3. Bc4 Bc5 4. d3 Nf6 5. O-O O-O 6. c3 d5 7. exd5 Nxd5 8. h3
a6 9. Re1 Nb6 10. Bb3 h6 11. Be3 Bxe3 12. fxe3 Qd6 13. Na3 Be6 14. d4 Rad8 15.
Qc2 Rfe8 16. c4 Nb4 17. Qc3 exd4 18. exd4 c5 19. d5 Bf5 20. Rxe8+ Rxe8 21. Re1
Rxe1+ 22. Nxe1 Qf4 23. Qf3 Qd4+ 24. Kh2 Qe5+ 25. Qg3 Qxg3+ 26. Kxg3 Nd3 27. Bc2
Nxe1 28. Bxf5   1-0

[Event "U-20 Pan-American Chess Championship Absolute 2022"]
[Site "(Pereira - Risaralda) Gran Hotel. Calle 19 # 9-19"]
[Date "2022.08.26"]
[Round "6"]
[Board "7"]
[White "Londono Lopez, Donaldo"]
[Black "Garcia De Dios, Jose Antonio"]
[Result "1-0"]
[WhiteElo "2044"]
[BlackElo "2135"]
[PlyCount "69"]
[EventDate "2022.08.23"]
[EventRounds "9"]
[EventCountry "COL"]

1. e4 c5 2. Nf3 d6 3. d4 cxd4 4. Nxd4 Nf6 5. Nc3 a6 6. Bg5 e6 7. f4 Be7 8. Qf3
Qc7 9. O-O-O Nbd7 10. g4 h6 11. Bh4 g5 12. e5 dxe5 13. fxg5 hxg5 14. Bg3 Qb6
15. Nb3 Qc6 16. Qe2 Qxh1 17. Bg2 Qxd1+ 18. Nxd1 Nd5 19. Bxd5 exd5 20. Bxe5 Nxe5
21. Qxe5 Rh4 22. Ne3 f6 23. Qxd5 Kf8 24. Nd4 Rxh2 25. Nef5 Bxf5 26. gxf5 Rb8
27. a3 Rh4 28. b4 Rh8 29. Kb2 Ke8 30. Ne6 Rh2 31. Nxg5 Rc8 32. Qg8+ Kd7 33.
Qe6+ Kd8 34. Nf7+ Ke8 35. Nd6+   1-0

[Event "U-20 Pan-American Chess Championship Absolute 2022"]
[Site "(Pereira - Risaralda) Gran Hotel. Calle 19 # 9-19"]
[Date "2022.08.26"]
[Round "6"]
[Board "8"]
[White "Quiroga Jaquez, Angel Ivan"]
[Black "Ramirez Madrid, Gerardo Alfonso"]
[Result "1-0"]
[WhiteElo "2151"]
[BlackElo "1967"]
[PlyCount "69"]
[EventDate "2022.08.23"]
[EventRounds "9"]
[EventCountry "COL"]

1. Nf3 Nf6 2. d4 g6 3. c4 Bg7 4. Nc3 d5 5. cxd5 Nxd5 6. Qb3 Nxc3 7. bxc3 O-O 8.
Ba3 Nd7 9. e3 Nb6 10. Rc1 c6 11. Be2 Be6 12. c4 h6 13. O-O f5 14. Rfd1 Qd7 15.
Qb4 Rfe8 16. Bb2 Bf7 17. Ba1 Qc7 18. Ne5 Nd7 19. f4 Rad8 20. Bf3 Nxe5 21. fxe5
g5 22. g4 fxg4 23. Bxg4 e6 24. Qb1 h5 25. Be2 Qe7 26. Qe4 g4 27. Bd3 Qg5 28.
Rf1 Rd7 29. Rf4 c5 30. Rcf1 Ree7 31. Bb2 b6 32. R1f2 Qh4 33. d5 exd5 34. Qh7+
Kf8 35. e6   1-0

[Event "U-20 Pan-American Chess Championship Absolute 2022"]
[Site "(Pereira - Risaralda) Gran Hotel. Calle 19 # 9-19"]
[Date "2022.08.26"]
[Round "6"]
[Board "9"]
[White "Mendez Machado, Andre"]
[Black "Mayta Aiza, Maveric"]
[Result "1-0"]
[WhiteElo "1995"]
[BlackElo "1962"]
[PlyCount "65"]
[EventDate "2022.08.23"]
[EventRounds "9"]
[EventCountry "COL"]

1. e4 c5 2. Nc3 Nc6 3. Bb5 Nd4 4. Nf3 a6 5. Bd3 e6 6. O-O d6 7. Nxd4 cxd4 8.
Ne2 e5 9. c3 dxc3 10. bxc3 Nf6 11. f4 Be7 12. Bc2 Qc7 13. h3 Be6 14. Qe1 d5 15.
fxe5 Nxe4 16. d3 Nc5 17. d4 Nd7 18. Qg3 g6 19. Bg5 Qd8 20. Bxe7 Qxe7 21. Rab1
Rb8 22. Nf4 b5 23. Bb3 Nb6 24. a4 Rc8 25. axb5 axb5 26. Nxe6 fxe6 27. Bc2 Nc4
28. Bxg6+ hxg6 29. Qxg6+ Kd8 30. Rf7 Qh4 31. Qxe6 Rc7 32. Qxd5+ Ke8 33. Rxc7
  1-0

[Event "U-20 Pan-American Chess Championship Absolute 2022"]
[Site "(Pereira - Risaralda) Gran Hotel. Calle 19 # 9-19"]
[Date "2022.08.26"]
[Round "6"]
[Board "10"]
[White "Cardenas Encalada, David Josue"]
[Black "Mora Munoz, Alejandro"]
[Result "1-0"]
[WhiteElo "1669"]
[BlackElo "1973"]
[PlyCount "55"]
[EventDate "2022.08.23"]
[EventRounds "9"]
[EventCountry "COL"]

1. d4 Nf6 2. Nf3 g6 3. c4 Bg7 4. Nc3 d6 5. e4 O-O 6. Be2 e5 7. d5 a5 8. O-O Na6
9. Ne1 Nc5 10. f3 Nh5 11. Be3 b6 12. a3 Nf4 13. b4 Qg5 14. Kh1 axb4 15. axb4
Rxa1 16. Qxa1 Nb7 17. g3 Qf6 18. gxf4 exf4 19. Bd2 Bh3 20. Rg1 Qd4 21. Nd3 f5
22. Qc1 fxe4 23. Nxe4 Bf5 24. Bc3 Qxc4 25. Nxf4 Qb3 26. Bxg7 Kxg7 27. Nh5+ Kf7
28. Qxc7+   1-0

[Event "U-20 Pan-American Chess Championship Absolute 2022"]
[Site "(Pereira - Risaralda) Gran Hotel. Calle 19 # 9-19"]
[Date "2022.08.26"]
[Round "6"]
[Board "12"]
[White "Picasso Periche, Luis Willian Alberto"]
[Black "Gonzalez Mojica, Renan Arturo"]
[Result "1/2-1/2"]
[WhiteElo "1226"]
[BlackElo "1970"]
[PlyCount "67"]
[EventDate "2022.08.23"]
[EventRounds "9"]
[EventCountry "COL"]

1. e4 d6 2. d4 g6 3. Bc4 Nf6 4. Nc3 Bg7 5. Nf3 O-O 6. O-O c6 7. a4 d5 8. exd5
cxd5 9. Bb3 Nc6 10. h3 Bf5 11. Re1 h6 12. Bf4 e6 13. Nb5 Ne8 14. Ne5 a6 15. Nc3
g5 16. Bg3 Nd6 17. Nxc6 bxc6 18. a5 Nb7 19. Ba4 Rc8 20. b4 c5 21. bxc5 Nxc5 22.
dxc5 Bxc3 23. Bd6 Qf6 24. Bxf8 Kxf8 25. c6 Bxa5 26. Re3 Bb6 27. Rb3 Bxf2+ 28.
Kxf2 Bg4+ 29. Rf3 Bxf3 30. gxf3 Qf4 31. Kg2 h5 32. Qc1 Qe5 33. Qe1 Qf4 34. Qc1
  1/2-1/2

[Event "U-20 Pan-American Chess Championship Absolute 2022"]
[Site "(Pereira - Risaralda) Gran Hotel. Calle 19 # 9-19"]
[Date "2022.08.26"]
[Round "6"]
[Board "13"]
[White "Vargas Viscaino, Jesus Daniel"]
[Black "Mayta Aiza, Vicmar"]
[Result "1-0"]
[WhiteElo "1942"]
[BlackElo "1627"]
[PlyCount "31"]
[EventDate "2022.08.23"]
[EventRounds "9"]
[EventCountry "COL"]

1. e4 d5 2. exd5 Qxd5 3. Nc3 Qa5 4. d4 Nf6 5. Bc4 Bf5 6. Nf3 Nbd7 7. Bd2 c6 8.
Qe2 e6 9. d5 cxd5 10. Nxd5 Qd8 11. Nxf6+ Qxf6 12. O-O-O Ba3 13. c3 Be7 14. Bg5
Qg6 15. Bxe7 Kxe7 16. Rxd7+   1-0

[Event "U-20 Pan-American Chess Championship Absolute 2022"]
[Site "(Pereira - Risaralda) Gran Hotel. Calle 19 # 9-19"]
[Date "2022.08.26"]
[Round "6"]
[Board "14"]
[White "Tobar B, Jorge Esteban"]
[Black "Fascio Outerbridge, Arno Augusto"]
[Result "1-0"]
[WhiteElo "1929"]
[BlackElo "1602"]
[PlyCount "71"]
[EventDate "2022.08.23"]
[EventRounds "9"]
[EventCountry "COL"]

1. d4 Nf6 2. Bg5 d5 3. e3 g6 4. Bd3 Bg7 5. Nd2 O-O 6. f4 c5 7. c3 Nbd7 8. Ngf3
Qb6 9. Rb1 Re8 10. O-O Ng4 11. f5 e5 12. fxg6 hxg6 13. Nh4 Ndf6 14. h3 exd4 15.
hxg4 dxe3 16. Bxf6 Bxf6 17. Qa4 Bd7 18. Qxd7 c4 19. Rxf6 Qxf6 20. Rf1 Re7 21.
Rxf6 Rxd7 22. Nxc4 dxc4 23. Bxc4 Kg7 24. Rf1 Re8 25. Bb5 e2 26. Re1 Rd1 27. Kf2
Re4 28. Rxe2 Rxg4 29. Nf3 Kf6 30. g3 a6 31. Be8 Rd5 32. b3 b5 33. Bc6 Rd8 34.
Bb7 a5 35. Ba6 Rb8 36. Ne5   1-0

[Event "U-20 Pan-American Chess Championship Absolute 2022"]
[Site "(Pereira - Risaralda) Gran Hotel. Calle 19 # 9-19"]
[Date "2022.08.26"]
[Round "6"]
[Board "15"]
[White "Bosquez Leguisamo, Joel Alexander"]
[Black "Bermudez Rojas, Alejandro"]
[Result "1-0"]
[WhiteElo "1296"]
[BlackElo "1138"]
[PlyCount "53"]
[EventDate "2022.08.23"]
[EventRounds "9"]
[EventCountry "COL"]

1. d4 Nf6 2. c4 g6 3. Nc3 Bg7 4. e4 d6 5. Be2 O-O 6. f4 e5 7. d5 Nbd7 8. Nf3
Re8 9. fxe5 dxe5 10. O-O Nc5 11. Qc2 h6 12. b4 Ncd7 13. Be3 b6 14. c5 bxc5 15.
bxc5 Nf8 16. Qd2 g5 17. d6 cxd6 18. cxd6 Ng6 19. Rab1 Be6 20. Bb5 Rf8 21. Bc5
a6 22. Ba4 Rc8 23. Bb6 Rc7 24. Bxc7 Qc8 25. Rb8 Qxb8 26. Bxb8 Rxb8 27. Qc2   1-0